Manual de técnicas gráficas para arquitectos, diseñadores y artistas
Guardado en:
| Autores principales: | , |
|---|---|
| Formato: | Libro |
| Lenguaje: | español |
| Publicado: |
Barcelona
Gustavo Gili S. A
1987
|
| Edición: | 4a. ed |
| Materias: | |
| Etiquetas: |
Agregar Etiqueta
Sin Etiquetas, Sea el primero en etiquetar este registro!
|
MARC
| LEADER | 00000cam a2200000 a 4500 | ||
|---|---|---|---|
| 001 | UCG7998 | ||
| 003 | CL-VaPUC | ||
| 008 | 111104e19870000SP |||||||||||||||||spa|d | ||
| 020 | |a 8425211492 | ||
| 082 | 0 | 4 | |a 741.6 |b POR |2 21 |
| 100 | 0 | |a Porter, Tom |e author |9 558499 | |
| 700 | 0 | |a Greenstreet, Bob |e author |9 558500 | |
| 245 | 1 | 0 | |a Manual de técnicas gráficas para arquitectos, diseñadores y artistas |
| 250 | |a 4a. ed | ||
| 300 | |a v | ||
| 942 | |c BK | ||
| 945 | |d 20111104 00:00:00 |a dcastane | ||
| 260 | |a Barcelona |b Gustavo Gili S. A |c 1987 | ||
| 650 | 0 | |a Diseño gráfico |9 266874 | |
| 650 | 7 | |a IMPRESION |2 CL-VaPUC |9 266944 | |
| 650 | 0 | |a Fotografías |9 268494 | |
| 650 | 0 | |a Artes gráficas |9 265865 | |
| 583 | |a last modification |c 20111104 14:34:00 |k Rodrigo Vera | ||
| 999 | |c 345657 |d 345655 | ||
| 952 | |0 0 |1 0 |4 0 |6 741_600000000000000_POR_1987 |7 0 |8 A |9 444625 |a BIBARQ |b BIBARQ |d 2019-11-22 |h v.1 |i 4793978 |l 5 |m 2 |o 741.6 POR 1987 |p 4793978 |r 2025-01-20 |s 2024-09-05 |w 2019-11-22 |y BK |k ARQ | ||